| Tag |
First Indicator |
Second Indicator |
Subfields |
| LEADER |
00000cas a2200000 a 4500 |
| 001 |
in00000772021 |
| 005 |
20151017051222.0 |
| 008 |
830203 txu d 0 u eng d |
| 035 |
|
|
|a (OCoLC)09185872
|
| 035 |
|
|
|9 ADK5257AM
|
| 040 |
|
|
|a TXA
|c TXA
|d UtOrBLW
|
| 043 |
|
|
|a n-us-tx
|
| 049 |
|
|
|a TXAE
|
| 090 |
|
|
|a F384.5
|b T4
|
| 245 |
0 |
0 |
|a Temple (Bell County, Texas) city directory.
|
| 264 |
|
1 |
|a Dallas, Tex. :
|b R.L. Polk.
|
| 300 |
|
|
|a volumes :
|b illustrations ;
|c 24 cm.
|
| 310 |
|
|
|a Annual
|
| 336 |
|
|
|a text
|b txt
|2 rdacontent
|
| 337 |
|
|
|a unmediated
|b n
|2 rdamedia
|
| 338 |
|
|
|a volume
|b nc
|2 rdacarrier
|
| 500 |
|
|
|a Description based on: 1978.
|
| 651 |
|
0 |
|a Temple (Tex.)
|x Directories.
|
| 651 |
|
0 |
|a Bell County (Tex.)
|x Directories.
|
| 999 |
|
|
|a MARS
|
| 999 |
f |
f |
|s 5e50cd6a-324b-36f6-9fd4-9b3d1709c547
|i 0ca21d14-c907-3ac9-96f3-0d4fe057d227
|t 0
|
| 952 |
f |
f |
|p ric
|a Texas A&M University
|b Rellis Campus
|c Joint Library Facility
|d Remote Storage
|t 0
|e F384.5 T4
|h Library of Congress classification
|i unmediated -- volume
|l 1978
|m A14816207154
|
| 998 |
f |
f |
|a F384.5 T4
|s 1978
|t 0
|l Remote Storage
|